| 000 | 00505nam a22001937a 4500 | ||
|---|---|---|---|
| 003 | MPLRDC | ||
| 005 | 20220104142402.0 | ||
| 008 | 210129b ||||| |||| 00| 0 eng d | ||
| 020 | _a978-986-120-803-9 | ||
| 082 | _a950 EAS | ||
| 100 | _aJOHN EASTERBY | ||
| 245 |
_a摄影达人一定要会的150招 _c韩恩真 译 |
||
| 250 | _a初版 | ||
| 260 |
_a台湾 _b木马文化事业股份有限公司 _c2011 |
||
| 300 | _b128 | ||
| 490 | _a木马视觉" 14 | ||
| 650 | _a摄影 | ||
| 942 |
_cBK _o950 EAS |
||
| 999 |
_c30447 _d30437 |
||